Medvěd a mniška /

Main Author: Radcliffe, Timothy, 1945-
Language: Czech
Published: Kostelní Vydří : Praha : Karmelitánské nakladatelství ;Krystal OP, 2004
Series: Duchovní život (Karmelitánské nakladatelství)
Online Access: Digitalizovaný dokument
Physical Description: 134 s. ; 19 cm
Book
Saved in:
LEADER 02351nam a2200589 a 4500
001 000721086
003 CZ BrMZK
005 20050218131953.0
007 ta
008 040611s2004 xr g 000 1 cze d
015 |a cnb001317360 
020 |a 80-85929-64-3  |q ((Krystal OP)) 
020 |a 80-7192-845-3  |q ((Karmelitánské nakladatelství); brož.) :  |c Kč 119,00 
035 |a (OCoLC)85109281 
040 |a BOA001  |b cze 
041 1 |a cze  |h eng 
072 7 |a 27  |x Křesťanství. Křesťanská církev všeobecně. Eklesiologie  |2 Konspekt  |9 5 
080 |a 27-662  |2 MRF 
080 |a 316.42"15/19"  |2 MRF 
080 |a 316.42"19/20"  |2 MRF 
080 |a 27  |2 MRF 
080 |a 27-1/-9  |2 MRF 
080 |a 27-788-1/-9  |2 MRF 
080 |a 27-584  |2 MRF 
080 |a 27-733  |2 MRF 
080 |a 27-789.33  |2 MRF 
080 |a (0:82-4)  |2 MRF 
080 |a (0:82-5)  |2 MRF 
100 1 |a Radcliffe, Timothy,  |d 1945-  |7 js20020617009  |4 aut 
245 1 0 |a Medvěd a mniška /  |c Timothy Radcliffe ; [z anglického originálu ... přeložila Josefa Strettiová] 
260 |a Kostelní Vydří :  |b Karmelitánské nakladatelství ;  |a Praha :  |b Krystal OP,  |c 2004 
300 |a 134 s. ;  |c 19 cm 
490 1 |a Duchovní život ;  |v 63 
504 |a Obsahuje bibliografické odkazy 
500 |a Dostupné též v digitální podobě v aplikaci Kramerius 
650 0 7 |a křesťanství a společnost  |7 ph138510  |y 18.-21. stol.  |2 czenas 
650 0 7 |a moderní společnost  |7 ph122942  |x křesťanské pojetí  |2 czenas 
650 0 7 |a postmoderní společnost  |7 ph124410  |x křesťanské pojetí  |2 czenas 
650 0 7 |a křesťanské učení  |7 ph122129  |2 czenas 
650 0 7 |a řeholní život  |7 ph128285  |2 czenas 
655 7 |a úvahy  |7 fd134000  |2 czenas 
655 7 |a kázání  |7 fd131846  |2 czenas 
650 0 7 |a duchovní život  |7 ph114375  |2 czenas 
650 0 7 |a duchovní povolání  |7 ph119631  |2 czenas 
650 0 7 |a dominikáni  |7 ph119541  |2 czenas 
765 0 |t Christian vocation  |9 Česky 
765 0 |t Sing a new song  |9 Česky 
830 0 |a Duchovní život (Karmelitánské nakladatelství)  |0 s 
856 4 1 |u http://www.digitalniknihovna.cz/mzk/uuid/uuid:ae2af350-6cbc-11e5-9e57-005056827e52  |y Digitalizovaný dokument  |x NDK 
910 |a BOA001  |b 1-1137.428 
990 |a BK 
996 6 |b 2610222821  |c 1-1137.428  |l MZK  |r Sklad / do 1 hodiny  |n 9  |p p.v.  |w 000721086  |u 000010  |a 1  |e BOA001  |j MZK50  |s P